[Event "TCh-TUR Super League 2014"]
[Site "Kocaeli TUR"]
[Date "2014.08.22"]
[Round "6.3"]
[Board "4"]
[White "Selbes, Tarik"]
[Black "Ali Marandi, Cemil Can"]
[Result "0-1"]
[WhiteTitle "FM"]
[BlackTitle "IM"]
[WhiteElo "2289"]
[BlackElo "2397"]
[WhiteTeam "Ankara Demirspor Kulubu"]
[BlackTeam "Hatay Buyuksehir Belediye Genclik VE Spor Kulubu"]
[WhiteFideId "6302513"]
[BlackFideId "6300529"]
[EventDate "2014.08.18"]

1. g3 d5 2. Bg2 Nf6 3. c4 c6 4. Nf3 dxc4 5. Qc2 Qd5 6. Na3 Be6 7. O-O Nbd7 8. b3
cxb3 9. axb3 Qxb3 10. Qxb3 Bxb3 11. Rb1 Bd5 12. Rxb7 e5 13. d3 Bc5 14. e4 Be6
15. d4 exd4 16. e5 Nd5 17. Ng5 O-O-O 18. Nxe6 fxe6 19. Rb3 Kc7 20. Bxd5 cxd5 21.
Nb5+ Kc6 22. Ba3 Nxe5 23. Re1 Nc4 24. Rxe6+ Kd7 25. Bxc5 Kxe6 26. Nxd4+ Kf6 27.
Bxa7 Rhe8 28. h4 Rd7 29. Bc5 Kf7 30. Nf5 Kg8 31. h5 h6 32. Kg2 Kh7 33. g4 Re2
34. Rb8 Ne5 35. Kg3 Rc2 36. Bd6 Rc3+ 37. Kf4 Nf7 38. Bf8 Nd8 39. Bd6 d4 40. Ke4
d3 41. Rb1 Rc4+ 42. Kf3 Ne6 43. Rd1 Ng5+ 44. Ke3 Re4+ 45. Kxd3 Re6 46. Kc4 Ne4
47. Kb5 Rdxd6 48. Nxd6 Nc3+ 49. Kc6 Nxd1 50. f4 Ne3 51. Kd7 Rxd6+ 52. Kxd6 Nxg4 0-1

[Event "TCh-TUR Super League 2014"]
[Site "Kocaeli TUR"]
[Date "2014.08.22"]
[Round "6.3"]
[Board "5"]
[White "Gulbas, Cemil"]
[Black "Tuncer, Ufuk"]
[Result "0-1"]
[WhiteTitle "IM"]
[BlackTitle "FM"]
[WhiteElo "2365"]
[BlackElo "2341"]
[WhiteTeam "Hatay Buyuksehir Belediye Genclik VE Spor Kulubu"]
[BlackTeam "Ankara Demirspor Kulubu"]
[WhiteFideId "201820"]
[BlackFideId "6300847"]
[EventDate "2014.08.18"]

1. e4 c5 2. Nc3 Nc6 3. g3 g6 4. Bg2 Bg7 5. d3 d6 6. Be3 e5 7. Qd2 Nd4 8. Nd1 Ne7
9. c3 Ne6 10. Bh6 O-O 11. Bxg7 Kxg7 12. Ne3 f5 13. exf5 gxf5 14. Nf3 f4 15. Nc2
Bd7 16. O-O-O Rc8 17. Kb1 Bc6 18. Nh4 Bxg2 19. Nxg2 Nc6 20. gxf4 Nxf4 21. d4
cxd4 22. cxd4 Nxg2 23. Rhg1 Kh8 24. Rxg2 Qf6 25. d5 Ne7 26. Ne3 Ng6 27. Qb4 Rc7
28. a3 Nf4 29. Rg3 Ne2 30. Rg2 Nd4 31. Ka2 b6 32. Ng4 Qf3 33. Rxd4 exd4 34. Qxd6
Rg7 35. Rg3 Qf4 36. Qe6 d3 37. d6 d2 38. Qe2 Qxd6 39. Rd3 Qf4 40. f3 h5 41. Ne3
Qe5 42. Qxd2 Qe6+ 43. Nd5 Rd8 44. Kb1 Rd6 45. h4 Qf5 46. Ka2 Kh7 47. Kb3 Rgd7
48. Kc4 Qf7 49. b4 a6 50. a4 Rc6+ 51. Kb3 b5 52. axb5 axb5 53. Rd4 Rcd6 54. Qd3+
Kg8 0-1

[Event "TCh-TUR Super League 2014"]
[Site "Kocaeli TUR"]
[Date "2014.08.22"]
[Round "6.3"]
[Board "6"]
[White "Gyokbulut, Julia"]
[Black "Batsiashvili, Nino"]
[Result "0-1"]
[WhiteTitle "WFM"]
[BlackTitle "IM"]
[WhiteElo "2098"]
[BlackElo "2435"]
[WhiteTeam "Ankara Demirspor Kulubu"]
[BlackTeam "Hatay Buyuksehir Belediye Genclik VE Spor Kulubu"]
[WhiteFideId "4153979"]
[BlackFideId "13602993"]
[EventDate "2014.08.18"]

1. d4 d5 2. Nf3 Nf6 3. c4 e6 4. g3 dxc4 5. Qa4+ Bd7 6. Qxc4 b5 7. Qc2 Na6 8. a3
c5 9. Bg2 Rc8 10. dxc5 Bxc5 11. Nc3 b4 12. axb4 Nxb4 13. Qd1 Bc6 14. O-O O-O 15.
Qxd8 Rfxd8 16. Bg5 h6 17. Bxf6 gxf6 18. Rfd1 Rxd1+ 19. Rxd1 Rb8 20. Ne1 Be8 21.
Rd2 Kf8 22. Kf1 a5 23. e3 Ke7 24. Ke2 Bd6 25. f4 f5 26. e4 fxe4 27. Bxe4 f5 28.
Bf3 Bc5 29. h3 Nc6 30. Bxc6 Bxc6 31. Nd3 Bd6 32. Kf2 h5 33. Ne5 Be8 34. Kf3 Rb4
35. Nd3 Bc6+ 36. Ke3 Rb3 37. Nc1 Rb8 38. Nd3 Rg8 39. Kf2 h4 40. Ne2 hxg3+ 41.
Nxg3 Rh8 42. Re2 Kf6 43. Ne5 Bb5 44. Re1 Rxh3 45. Kg2 Rh7 46. b3 Rc7 47. Nh5+
Ke7 48. Ng6+ Kf7 49. Nh8+ Ke8 50. Nf6+ Kd8 51. Rxe6 Bxf4 52. Rb6 Bc6+ 53. Kf1
Be5 54. Rb8+ Ke7 55. Nh5 Be8 56. Ra8 Bxh5 57. Rg8 Kf6 58. Kf2 Rc2+ 59. Ke3 Rc3+
60. Kf2 Rxb3 61. Rf8+ Kg5 62. Nf7+ Bxf7 63. Rxf7 Kf4 0-1

[Event "TCh-TUR Super League 2014"]
[Site "Kocaeli TUR"]
[Date "2014.08.22"]
[Round "6.3"]
[Board "7"]
[White "Buyukasik, Diyap"]
[Black "Yuksel, Atilla Koksal"]
[Result "1/2-1/2"]
[BlackTitle "CM"]
[WhiteElo "2165"]
[BlackElo "2107"]
[WhiteTeam "Hatay Buyuksehir Belediye Genclik VE Spor Kulubu"]
[BlackTeam "Ankara Demirspor Kulubu"]
[WhiteFideId "6319602"]
[BlackFideId "6306667"]
[EventDate "2014.08.18"]

1. Nf3 Nf6 2. g3 c5 3. Bg2 Nc6 4. O-O d5 5. d4 e6 6. c4 dxc4 7. Qa4 Nd5 8. dxc5
Bxc5 9. Qxc4 Qe7 10. e4 Nb6 11. Qe2 e5 12. Bg5 1/2-1/2

[Event "TCh-TUR Super League 2014"]
[Site "Kocaeli TUR"]
[Date "2014.08.22"]
[Round "6.3"]
[Board "8"]
[White "Sop, Selen"]
[Black "Abdimanoglu, Beste Basak"]
[Result "0-1"]
[WhiteTitle "WFM"]
[WhiteElo "1961"]
[BlackElo "1872"]
[WhiteTeam "Ankara Demirspor Kulubu"]
[BlackTeam "Hatay Buyuksehir Belediye Genclik VE Spor Kulubu"]
[WhiteFideId "6300278"]
[BlackFideId "6300286"]
[EventDate "2014.08.18"]

1. c4 d6 2. g3 g6 3. Bg2 Bg7 4. Nc3 e5 5. d3 Nd7 6. Rb1 a5 7. e3 f5 8. Nge2 Ngf6
9. O-O O-O 10. b3 Rb8 11. Ba3 b6 12. d4 Bb7 13. d5 Ng4 14. Bb2 Nc5 15. Qd2 Qe7
16. f3 Nh6 17. Nb5 Rbe8 18. Bc3 Ba6 19. Na3 Qd7 20. Rbe1 Re7 21. Nc1 Qe8 22. Nc2
Rff7 23. Kh1 Rf8 24. Rg1 Kh8 25. Nd3 Nxd3 26. Qxd3 g5 27. Qd2 Qh5 28. Qf2 Rf6
29. Bf1 Ref7 30. Be2 Ng4 31. Qg2 Nh6 32. Ref1 Bc8 33. f4 Ng4 34. fxe5 dxe5 35.
Bxe5 Rh6 36. Bxg7+ Kxg7 37. Bxg4 Qxg4 38. Rf2 Re7 39. Qf3 Qxf3+ 40. Rxf3 g4 41.
Rf2 Rh3 42. Re1 h5 43. Kg2 h4 44. gxh4 Kg6 45. Ree2 Rxh4 46. Kf1 Rh3 47. Ke1 Kg5
48. Kd2 Re4 49. Nd4 Bd7 50. Rf1 Bc8 51. Nb5 Rh7 52. Nc3 Re5 53. Kd3 Rh4 54. Kd4
Re8 55. e4 f4 56. Rg2 Rh3 57. e5 Bf5 58. Rd2 Rd8 59. Nd1 c5# 0-1

[Event "TCh-TUR Super League 2014"]
[Site "Kocaeli TUR"]
[Date "2014.08.22"]
[Round "6.3"]
[Board "9"]
[White "Temizkan, Denizcan"]
[Black "Erdem, Atakan"]
[Result "1-0"]
[WhiteTitle "CM"]
[WhiteElo "1972"]
[BlackElo "1862"]
[WhiteTeam "Hatay Buyuksehir Belediye Genclik VE Spor Kulubu"]
[BlackTeam "Ankara Demirspor Kulubu"]
[WhiteFideId "6325157"]
[BlackFideId "6328881"]
[EventDate "2014.08.18"]

1. d4 d5 2. c4 c6 3. e3 Nf6 4. Nf3 Bf5 5. Nc3 e6 6. Bd3 Bg6 7. O-O Nbd7 8. Qe2
Be7 9. Rd1 O-O 10. Bxg6 hxg6 11. e4 dxe4 12. Nxe4 Nxe4 13. Qxe4 Nf6 14. Qh4 Nh7
15. Qg3 Bd6 16. Bf4 Bxf4 17. Qxf4 Qb6 18. b3 Rad8 19. Rd3 Qa5 20. Ne5 g5 21. Qe3
Qa3 22. Rad1 Qe7 23. a4 Rd6 24. a5 a6 25. g3 g6 26. Kg2 Kg7 27. Ng4 Rfd8 28.
Qe5+ f6 29. Qe3 Qf7 30. f3 R6d7 31. Nf2 Re8 32. Ne4 Qe7 33. Nc5 Rc7 34. Re1 Nf8
35. b4 Kf7 36. f4 g4 37. Qe2 f5 38. Re3 Qd6 39. Rd1 Rce7 40. Qd2 Rd8 41. Rd3 Qc7
42. Re3 Rd6 43. Rde1 Qd8 44. Rd3 Rc7 45. Qe3 Re7 46. Rh1 Rc7 47. h3 gxh3+ 48.
Rxh3 Qf6 49. Rd1 Re7 50. Nd3 Kg8 51. Ne5 Rh7 52. Rxh7 Kxh7 53. Rh1+ Kg7 54. Rb1
Qd8 55. Nf3 Rd7 56. Kf2 Qe7 57. Ng5 Qd6 58. Nf3 Rd8 59. Kg2 Nh7 60. Re1 Re8 61.
Qe5+ Qxe5 62. dxe5 Rd8 63. Re2 Rd1 64. Rd2 Rc1 65. Rd7+ Kg8 66. c5 Rc2+ 67. Kf1
Rc3 68. Ke2 Rc2+ 69. Nd2 g5 70. Rxb7 Rc3 71. Rb8+ Kg7 72. Kf2 Nf8 73. fxg5 Rc2
74. Ke2 Ng6 75. Rb7+ Kf8 76. Rb8+ Ke7 77. Rb7+ Kd8 78. Kd3 Ra2 79. Nf3 Rg2 80.
Rb8+ Kd7 81. Rb7+ Kd8 82. Rb8+ Kc7 83. Rg8 Ne7 84. Rg7 Kd8 85. Nd4 Rxg3+ 86. Kd2
Rg2+ 87. Kd3 Nd5 88. Nxe6+ Ke8 89. Nc7+ Kf8 90. Ne6+ Ke8 91. Nc7+ Kd8 92. Nxd5
cxd5 93. Rf7 Rxg5 94. Kd4 Ke8 95. Rf6 Rg4+ 96. Kxd5 Rxb4 97. Rxf5 Rb5 98. Kd6
Rxa5 99. c6 Ra1 100. c7 Rc1 101. Rh5 Rd1+ 102. Ke6 1-0

[Event "TCh-TUR Super League 2014"]
[Site "Kocaeli TUR"]
[Date "2014.08.22"]
[Round "6.3"]
[Board "10"]
[White "Kose, Ulya"]
[Black "Keskin, Suara"]
[Result "0-1"]
[WhiteElo "1512"]
[BlackElo "1674"]
[WhiteTeam "Ankara Demirspor Kulubu"]
[BlackTeam "Hatay Buyuksehir Belediye Genclik VE Spor Kulubu"]
[WhiteFideId "6372813"]
[BlackFideId "6332650"]
[EventDate "2014.08.18"]

1. e4 d6 2. d4 g6 3. Nc3 Bg7 4. Bc4 Nf6 5. Qe2 e5 6. dxe5 dxe5 7. Nf3 Nbd7 8.
Bg5 h6 9. Bh4 c6 10. O-O-O Qc7 11. Bg3 O-O 12. Nh4 Kh7 13. Rd3 b5 14. Bb3 a5 15.
a4 b4 16. Na2 Ba6 17. Rxd7 Nxd7 18. Qf3 Nc5 19. h3 Nxb3+ 20. Qxb3 c5 21. Kb1 c4
22. Qe3 Rad8 23. f4 b3 24. Nc3 bxc2+ 25. Kxc2 Rd3 26. Qf2 Qb7 27. fxe5 Qb3+ 28.
Kc1 Rxc3+ 29. bxc3 Qxc3+ 30. Kb1 Rb8+ 31. Ka2 Qb3+ 32. Ka1 Qa3+ 33. Qa2 Qc3+ 0-1

[Event "TCh-TUR Super League 2014"]
[Site "Kocaeli TUR"]
[Date "2014.08.22"]
[Round "6.4"]
[Board "2"]
[White "Can, Emre"]
[Black "Benidze, Davit"]
[Result "1/2-1/2"]
[WhiteTitle "GM"]
[BlackTitle "GM"]
[WhiteElo "2529"]
[BlackElo "2458"]
[WhiteTeam "Istanbul Teknik Universitesi Socar – K.N.I."]
[BlackTeam "Kahramanmaras Buyuksehir Belediyesi Spor Kulubu"]
[WhiteFideId "6302181"]
[BlackFideId "13603086"]
[EventDate "2014.08.18"]

1. d4 Nf6 2. c4 c6 3. Nc3 d5 4. Nf3 g6 5. cxd5 cxd5 6. Bf4 Bg7 7. e3 O-O 8. h3
Nc6 9. Be2 Ne4 10. Nxe4 dxe4 11. Nd2 e5 12. dxe5 Nxe5 13. Nxe4 Bf5 14. Qxd8
Rfxd8 15. Nc3 Nd3+ 16. Bxd3 Rxd3 17. Rc1 Rc8 18. Ke2 Bxc3 19. Rxc3 Rdxc3 20.
bxc3 Rxc3 21. Rd1 Rc8 1/2-1/2

[Event "TCh-TUR Super League 2014"]
[Site "Kocaeli TUR"]
[Date "2014.08.22"]
[Round "6.4"]
[Board "3"]
[White "Javakhadze, Zurab"]
[Black "Gurevich, Mikhail"]
[Result "1/2-1/2"]
[WhiteTitle "IM"]
[BlackTitle "GM"]
[WhiteElo "2423"]
[BlackElo "2571"]
[WhiteTeam "Kahramanmaras Buyuksehir Belediyesi Spor Kulubu"]
[BlackTeam "Istanbul Teknik Universitesi Socar – K.N.I."]
[WhiteFideId "13603647"]
[BlackFideId "200930"]
[EventDate "2014.08.18"]

1. g3 d5 2. Nf3 Bg4 3. Bg2 Nd7 4. c4 c6 5. cxd5 cxd5 6. Qa4 Nf6 7. Nc3 Bxf3 8.
Bxf3 e6 9. O-O a6 10. b4 Bd6 11. Bb2 O-O 12. Qb3 Qb6 13. a3 Ne5 14. Bg2 Rfc8 15.
d3 Qd8 16. Na4 Ned7 17. e4 dxe4 18. dxe4 b5 19. Nc3 Qb6 20. e5 Nxe5 21. Bxa8
Rxa8 22. Ne2 Nd5 23. Bxe5 Bxe5 24. Rac1 a5 25. bxa5 Qxa5 26. Rc5 g6 27. Rfc1
Qxa3 28. Rxb5 Qxb3 29. Rxb3 Ra2 30. Kf1 g5 1/2-1/2

[Event "TCh-TUR Super League 2014"]
[Site "Kocaeli TUR"]
[Date "2014.08.22"]
[Round "6.4"]
[Board "4"]
[White "Kinsiz, Onur"]
[Black "Isik, Engin Yasar"]
[Result "1-0"]
[WhiteElo "2239"]
[BlackElo "2232"]
[WhiteTeam "Istanbul Teknik Universitesi Socar – K.N.I."]
[BlackTeam "Kahramanmaras Buyuksehir Belediyesi Spor Kulubu"]
[WhiteFideId "6301517"]
[BlackFideId "6301886"]
[EventDate "2014.08.18"]

1. e4 c5 2. Nf3 d6 3. Bb5+ Nc6 4. O-O Bd7 5. Re1 Nf6 6. c3 a6 7. Bf1 Bg4 8. h3
Bh5 9. g4 Bg6 10. d4 cxd4 11. cxd4 d5 12. exd5 Nxd5 13. Nc3 e6 14. Nxd5 Qxd5 15.
Bg2 Rd8 16. Bg5 Be7 17. Ne5 Qxd4 18. Bxc6+ bxc6 19. Qxd4 Rxd4 20. Bxe7 Re4 21.
Nxg6 Rxe1+ 22. Rxe1 hxg6 23. Bc5 Rxh3 24. Re3 Rh4 25. f3 1-0

[Event "TCh-TUR Super League 2014"]
[Site "Kocaeli TUR"]
[Date "2014.08.22"]
[Round "6.4"]
[Board "5"]
[White "Erden, Kadir"]
[Black "Deruni, Berc"]
[Result "1/2-1/2"]
[WhiteElo "2220"]
[BlackElo "2125"]
[WhiteTeam "Kahramanmaras Buyuksehir Belediyesi Spor Kulubu"]
[BlackTeam "Istanbul Teknik Universitesi Socar – K.N.I."]
[WhiteFideId "6305776"]
[BlackFideId "6302173"]
[EventDate "2014.08.18"]

1. d4 Nf6 2. Bg5 e6 3. e4 h6 4. Bxf6 Qxf6 5. Nc3 g6 6. Qd2 Bg7 7. O-O-O O-O 8.
e5 Qe7 9. f4 d5 10. Nf3 c5 11. h4 cxd4 12. Nb5 Nc6 13. h5 g5 14. fxg5 Nxe5 15.
gxh6 Bf6 16. Kb1 Ng4 17. Nfxd4 e5 18. Nb3 Bf5 19. Bd3 Bg5 20. Qe1 Be6 21. Qg3
Bf4 22. Qf3 Bxh6 23. Bf5 Bxf5 24. Qxf5 Ne3 25. Qf2 Nxd1 26. Rxd1 d4 27. Re1 Be3
28. Qg3+ Kh8 29. Qf3 f6 30. c3 Qh7+ 31. Ka1 a6 32. Nd6 Bg5 33. cxd4 Rad8 34. Nf5
Qd7 35. g4 exd4 36. Nbxd4 Rfe8 37. Rf1 Re5 38. a3 Rd5 39. Rd1 b5 40. Ka2 Qf7 41.
Kb1 Qc7 42. Qe2 Qe5 43. Qd3 Qf4 44. Ne7 Qxd4 45. Nxd5 Qxg4 46. Rf1 1/2-1/2

[Event "TCh-TUR Super League 2014"]
[Site "Kocaeli TUR"]
[Date "2014.08.22"]
[Round "6.4"]
[Board "6"]
[White "Klinova, Masha"]
[Black "Isgandarova, Khayala"]
[Result "1/2-1/2"]
[WhiteTitle "IM"]
[BlackTitle "WIM"]
[WhiteElo "2312"]
[BlackElo "2190"]
[WhiteTeam "Istanbul Teknik Universitesi Socar – K.N.I."]
[BlackTeam "Kahramanmaras Buyuksehir Belediyesi Spor Kulubu"]
[WhiteFideId "2802015"]
[BlackFideId "13401823"]
[EventDate "2014.08.18"]

1. e4 e6 2. d3 d5 3. Nd2 Nf6 4. Ngf3 dxe4 5. dxe4 Bc5 6. Bb5+ Bd7 7. Qe2 a6 8.
Bd3 Bc6 9. O-O Nbd7 10. e5 Nd5 11. Ne4 Be7 12. a3 b5 13. Rd1 Qc8 14. Bd2 Qb7 15.
b4 h6 16. Ng3 N5b6 17. Nh5 O-O-O 18. a4 Nc4 19. Bc3 Ndb6 20. axb5 axb5 21. Bxc4
Nxc4 22. Nf4 g5 23. Nd3 g4 24. Nfe1 Rhg8 25. Nf4 Bg5 26. Rxd8+ Bxd8 27. Ned3 Be7
28. Bd4 Nb6 29. Qf1 Na4 30. Qe1 h5 31. Qe3 h4 32. Nc5 Bxc5 33. bxc5 h3 34. Qg3
hxg2 35. Qh4 Rd8 36. Be3 Bf3 37. Qe7 Qe4 38. Qxf7 Qxc2 39. Qxe6+ Kb8 40. Re1 Qc3
41. Rb1 Qb2 42. Re1 Qb4 43. Ra1 Qb2 44. Re1 Qc3 45. Rb1 Qb4 46. Ra1 Qc3 1/2-1/2

[Event "TCh-TUR Super League 2014"]
[Site "Kocaeli TUR"]
[Date "2014.08.22"]
[Round "6.4"]
[Board "8"]
[White "Abdumalik, Zhansaya"]
[Black "Cemhan, Kardelen"]
[Result "1-0"]
[WhiteTitle "WGM"]
[BlackTitle "WCM"]
[WhiteElo "2333"]
[BlackElo "2019"]
[WhiteTeam "Istanbul Teknik Universitesi Socar – K.N.I."]
[BlackTeam "Kahramanmaras Buyuksehir Belediyesi Spor Kulubu"]
[WhiteFideId "13703544"]
[BlackFideId "6325670"]
[EventDate "2014.08.18"]

1. e4 e5 2. Nf3 Nc6 3. Bb5 a6 4. Ba4 Nge7 5. c3 g6 6. d4 exd4 7. cxd4 Bg7 8. O-O
b5 9. Bb3 O-O 10. Nc3 d6 11. Nd5 Nxd5 12. Bxd5 Bb7 13. Bg5 Qd7 14. Rc1 Na5 15.
Bxb7 Nxb7 16. Re1 h6 17. Be3 Rfe8 18. Qd3 Qe7 19. b4 Nd8 20. Nd2 c6 21. a3 Rc8
22. f3 Ne6 23. Nb3 Rc7 24. d5 cxd5 25. exd5 Nf8 26. Rxc7 Qxc7 27. Rc1 Qe7 28.
Re1 Nd7 29. Bf2 Ne5 30. Qe3 Kf8 31. Qb6 Ra8 32. Nc5 Nc4 33. Qc6 Qd8 34. Nb7 Qc8
35. Qxc8+ Rxc8 36. Bg3 Kg8 37. Nxd6 Nxd6 38. Bxd6 Rd8 39. Bc5 Rxd5 40. Re8+ Kh7
41. Ra8 Bb2 42. Rxa6 Rd3 43. Kf2 Rxa3 44. Rxa3 Bxa3 45. Ke3 f5 46. Kd4 g5 47.
Bd6 Kg6 48. Kc5 f4 49. Kxb5 Kf5 50. Kc6 Bxb4 51. Bxb4 h5 52. Kd5 g4 53. Be1 1-0

[Event "TCh-TUR Super League 2014"]
[Site "Kocaeli TUR"]
[Date "2014.08.22"]
[Round "6.4"]
[Board "9"]
[White "Yaran, Siar"]
[Black "Sanal, Vahap"]
[Result "1/2-1/2"]
[WhiteTitle "CM"]
[BlackTitle "IM"]
[WhiteElo "2041"]
[BlackElo "2473"]
[WhiteTeam "Kahramanmaras Buyuksehir Belediyesi Spor Kulubu"]
[BlackTeam "Istanbul Teknik Universitesi Socar – K.N.I."]
[WhiteFideId "6323006"]
[BlackFideId "6300545"]
[EventDate "2014.08.18"]

1. e4 e5 2. f4 exf4 3. Nc3 Qh4+ 4. Ke2 c6 5. Nf3 Qh5 6. d4 g5 7. Kf2 g4 8. Ne5
d6 9. Nd3 Bg7 10. Nxf4 g3+ 11. Ke3 Qxd1 12. Nxd1 gxh2 13. Nf2 f5 14. Nh5 Bh6+
15. Kf3 Be6 16. Bxh6 Nxh6 17. Ng7+ Kf7 18. Nxe6 Kxe6 19. Re1 Kf6 20. Rxh2 Kg7
21. Bd3 Nd7 22. exf5 Rae8 23. Rhh1 Nf6 24. g4 Nf7 25. Nh3 h6 26. Kg3 Ng5 27. Nf4
Kf7 28. Ng6 Rh7 29. Rxe8 Kxe8 30. Re1+ Kd8 31. c4 h5 32. gxh5 Rxh5 33. Nf4 Rh6
34. Ne6+ Nxe6 35. Rxe6 Nh5+ 36. Kg4 Rxe6 37. fxe6 Nf6+ 38. Kf5 Ke7 39. c5 d5 40.
Ke5 Ng4+ 41. Kf4 Nf2 42. Bc2 Kxe6 43. a4 Nh3+ 44. Kg4 Nf2+ 45. Kf3 Nh3 46. a5
Ng5+ 47. Kf4 Kf6 48. Bf5 Ne6+ 49. Bxe6 Kxe6 50. Kg5 a6 51. Kg6 Ke7 52. Kf5 Kf7
53. Ke5 Ke7 54. b3 Kd7 55. Kf6 Kd8 56. Ke6 Ke8 57. Kd6 Kd8 58. b4 Kc8 1/2-1/2

[Event "TCh-TUR Super League 2014"]
[Site "Kocaeli TUR"]
[Date "2014.08.22"]
[Round "6.4"]
[Board "10"]
[White "Hereklioglu, Sude"]
[Black "Dogan, Sevval"]
[Result "1/2-1/2"]
[WhiteTitle "WCM"]
[WhiteElo "1846"]
[BlackElo "1651"]
[WhiteTeam "Istanbul Teknik Universitesi Socar – K.N.I."]
[BlackTeam "Kahramanmaras Buyuksehir Belediyesi Spor Kulubu"]
[WhiteFideId "6359531"]
[BlackFideId "6322565"]
[EventDate "2014.08.18"]

1. d4 Nf6 2. c4 e6 3. Nc3 c5 4. d5 exd5 5. cxd5 d6 6. Nf3 g6 7. Bg5 Bg7 8. e3
O-O 9. Be2 Re8 10. h3 a6 11. a4 Nbd7 12. O-O Rb8 13. Qc2 Ne5 14. Nd2 b6 15. f4
Ned7 16. e4 Qc7 17. Rae1 Bb7 18. Bc4 h6 19. Bh4 Nh7 20. Nf3 Bc8 21. Qd3 b5 22.
axb5 Nb6 23. bxa6 Nxc4 24. Qxc4 Rxb2 25. Qa4 Bd7 26. Qa3 Qb6 27. a7 Ra8 28. Ra1
Rb3 29. Rab1 Rxa3 30. Rxb6 R3xa7 31. e5 g5 32. Bf2 Ra6 33. Rxa6 Rxa6 34. Ne4
gxf4 35. Nxd6 Ng5 36. Nxg5 hxg5 37. Re1 Bxe5 38. Nxf7 Kxf7 39. Rxe5 Kf6 40. Re4
Rd6 1/2-1/2

[Event "TCh-TUR Super League 2014"]
[Site "Kocaeli TUR"]
[Date "2014.08.22"]
[Round "6.5"]
[Board "1"]
[White "Grachev, Boris"]
[Black "Mamedov, Nidjat"]
[Result "1/2-1/2"]
[WhiteTitle "GM"]
[BlackTitle "GM"]
[WhiteElo "2672"]
[BlackElo "2624"]
[WhiteTeam "Akdeniz Belediyesi Spor Kulubu"]
[BlackTeam "Mersin Ezgi Satranc Kulubu"]
[WhiteFideId "4129199"]
[BlackFideId "13400819"]
[EventDate "2014.08.18"]

1. d4 d5 2. Bf4 c6 3. e3 Bf5 4. c4 Bxb1 5. Qxb1 e6 6. a3 Bd6 7. Bg3 Nf6 8. Bh4
a5 9. Bd3 a4 10. Ne2 Qa5+ 11. Nc3 dxc4 12. Bxc4 Nbd7 13. Be2 e5 14. Bg3 Qc7 15.
Qc2 O-O 16. dxe5 Bxe5 17. Nxa4 Qa5+ 18. Nc3 Bxc3+ 19. bxc3 Nd5 20. Rc1 Qxa3 21.
O-O Rfe8 22. Bf3 Nc5 23. Bxd5 cxd5 24. Bd6 Re6 25. Bxc5 Qxc5 26. Rfd1 g6 27. Qb3
Rb6 28. Qxd5 Qxd5 29. Rxd5 Ra2 30. Rdd1 Rbb2 31. Rf1 h5 32. h3 Kg7 33. Rb1 Rc2
34. Rxb7 Rxc3 35. Rb4 Rcc2 36. h4 Rcb2 37. Rf4 Rc2 38. Kh2 Rcb2 39. Kg3 Rc2 40.
Kf3 Rd2 41. g4 hxg4+ 42. Rxg4 Ra5 43. Rf4 Ra6 44. Rh1 Rf6 45. Rxf6 Kxf6 46. h5
gxh5 47. Rxh5 Kg6 48. Ra5 Rb2 49. Kg3 Re2 50. Kf3 Rb2 51. Kg3 Re2 52. Ra3 f6 53.
f3 Rb2 54. Kf4 Rb4+ 55. e4 Rb5 56. Ra8 Rb3 57. Ra6 Kf7 58. Kg4 Re3 59. Ra7+ Kg6
60. Rb7 Kh6 61. Re7 Kg6 62. Rd7 Kh6 63. Rd1 Kg6 64. Rg1 Ra3 65. Rg3 Rb3 66. f4
Rb4 67. Kf3+ Kf7 68. f5 Rb3+ 69. Kf4 Rxg3 70. Kxg3 Kg7 71. Kg4 Kg8 72. Kh5 Kh7
73. Kh4 Kh8 74. Kh3 Kh7 75. Kg2 Kg8 76. Kf1 Kf7 77. Ke2 Ke8 78. Kd2 Kd8 79. Kc2
Kc8 80. Kb2 Kd7 81. Kc3 Kc7 82. Kb4 Kd6 83. Kc3 Kc7 1/2-1/2

[Event "TCh-TUR Super League 2014"]
[Site "Kocaeli TUR"]
[Date "2014.08.22"]
[Round "6.5"]
[Board "3"]
[White "Khurtsidze, Nino"]
[Black "Ataman, Alper Efe"]
[Result "1-0"]
[WhiteTitle "IM"]
[BlackTitle "FM"]
[WhiteElo "2467"]
[BlackElo "2141"]
[WhiteTeam "Akdeniz Belediyesi Spor Kulubu"]
[BlackTeam "Mersin Ezgi Satranc Kulubu"]
[WhiteFideId "13600320"]
[BlackFideId "6301606"]
[EventDate "2014.08.18"]

1. Nf3 g6 2. c4 Bg7 3. Nc3 d6 4. e3 e5 5. Be2 Nh6 6. O-O O-O 7. b4 e4 8. Ne1 a5
9. b5 Nd7 10. Bb2 Nc5 11. f3 f5 12. d4 exd3 13. Nxd3 Nxd3 14. Qxd3 Be6 15. Rad1
Qe8 16. b6 c6 17. Qxd6 Qf7 18. Qc5 Rfe8 19. Na4 Bxb2 20. Nxb2 f4 21. e4 Qf6 22.
Qd4 Qg5 23. Nd3 Nf7 24. Qc3 Red8 25. Qc1 Rxd3 26. Bxd3 Qc5+ 27. Kh1 g5 28. g3
fxg3 29. hxg3 Bh3 30. Qb2 Bxf1 31. Bxf1 Ne5 32. Be2 Re8 33. Kg2 Qe3 34. Qd2 Qxd2
35. Rxd2 Re7 36. Rd8+ Kg7 37. Ra8 Nd7 38. Rxa5 h6 39. Ra7 Nc5 40. Kf2 g4 41. Ke3
gxf3 42. Bxf3 Kf6 43. Kd4 Ne6+ 44. Kc3 Rg7 45. e5+ Kxe5 46. Bxc6 Rxg3+ 47. Kb4
Rg1 48. Rxb7 Rb1+ 49. Ka5 Nc5 50. Rh7 Kd4 51. Bb5 Rb2 52. b7 Rxa2+ 53. Kb6 Nxb7
54. Kxb7 Rh2 55. Kb6 Rh5 56. Rd7+ 1-0

[Event "TCh-TUR Super League 2014"]
[Site "Kocaeli TUR"]
[Date "2014.08.22"]
[Round "6.5"]
[Board "4"]
[White "Sengul, Cengiz"]
[Black "Annaberdiyev, Babageldi"]
[Result "1/2-1/2"]
[BlackTitle "FM"]
[WhiteElo "2201"]
[BlackElo "2238"]
[WhiteTeam "Mersin Ezgi Satranc Kulubu"]
[BlackTeam "Akdeniz Belediyesi Spor Kulubu"]
[WhiteFideId "6302785"]
[BlackFideId "14000385"]
[EventDate "2014.08.18"]

1. d4 Nf6 2. Nf3 e6 3. c4 Bb4+ 4. Bd2 a5 5. Nc3 O-O 6. g3 d6 7. Bg2 Nbd7 8. O-O
e5 9. Rc1 exd4 10. Nxd4 Nc5 11. Bg5 Bxc3 12. Rxc3 h6 13. Bf4 Re8 14. f3 Bd7 15.
e4 Nh7 16. Qd2 Nf8 17. Be3 Ng6 18. Bf2 Ne5 19. h3 Qe7 20. Re1 Nc6 21. Kh2 Nxd4
22. Bxd4 Ne6 23. Bf2 Bc6 1/2-1/2